000 00445nam a2200145 4500
005 20260414103003.0
008 260414b |||||||| |||| 00| 0 eng d
082 _a158.1
_bMUH-T
100 _aMuhammad Jamil
245 _aThe Art of Character Building
_bDescriptive Study : Theory and Practice
260 _aPakistan
_bChaudhar Publisher, Fazal Abad Sharif, Darya Gali Murree
_c2023
300 _a159 p.
650 _aEducation
942 _cBK
999 _c47302
_d47302